| 000 | 00886nam a22002297a 4500 | ||
|---|---|---|---|
| 003 | PILC | ||
| 005 | 20160129112156.0 | ||
| 008 | 140123b xxu||||| |||| 00| 0 eng d | ||
| 020 | _a9781455508976 | ||
| 050 |
_aPS 3569.P363 _b. Sp261 2008 |
||
| 100 | _aSparks, Nicholas | ||
| 245 |
_aThe lucky one _c Nicholas Sparks. |
||
| 260 |
_aUSA : _bGrand Central Pub, _c1998. |
||
| 300 |
_a221p. : _bill. ; _c18 cm. |
||
| 520 | _aU.S. Marine Logan Thibault believes he's found a lucky charm buried in the sands of Iraq: a photograph of a smiling woman. The chain of events that leads to him possessing the photograph and finding the woman pictured in it is the stuff of love stories. | ||
| 650 | _aU.S. Marine Story-Fiction | ||
| 650 | _aDivorce Woman-Fiction | ||
| 650 | _aLucky charm -- Fiction | ||
| 650 | _a North Carolina --Fiction. | ||
| 942 |
_2lcc _cBK |
||
| 999 |
_c26099 _d26099 |
||